01804nam a22002657a 4500008004100000020001800041040000800059041000800067100002200075245009700097260003800194300004200232490002000274505062200294520026600916650004001182650003501222650004301257650006001300650005301360650003901413655002701452655002001479655003901499250528b |||||||| |||| 00| 0 eng d a9780241636862 ctbs aeng aRai, Balieauthor a(Un)arranged marriagec/ Bali Rai ; retold by Prakash Parmar ; illustrated by Alisha Monnin. aLondon : bPenguin Books, c2024. a96 pages : billustrations ; c20 cm. aPenguin readers a(Un)arranged Marriage, a Level 5 Reader, is B1 in the CEFR framework. The text is made up of sentences with up to four clauses, introducing present perfect continuous, past perfect, reported speech and second conditional. It is well supported by illustrations, which appear regularly. The eight levels of Penguin Readers follow the Common European Framework of Reference for language learning (CEFR). Exercises at the back of each Reader help language learners to practise grammar, vocabulary, and key exam skills. Before, during and after-reading questions test readers' story comprehension and develop vocabulary. aManny lives in England with his strict Punjabi parents who are very traditional and want him to have an arranged marriage. There's just one problem: Manny definitely doesn't want an arranged marriage. With the help of his best friend, Ade, Manny makes a plan... 0aArranged marriagezEnglandvFiction 0aEast IndianszEnglandxFiction 0aPunjabis (South Asian people)vFiction 0aEnglish language xStudy and teachingxForeign speakers 0aEnglish languagevTextbooks for foreign speakers 0aEnglish languagexSelf-instruction 0aReaders (Publications) 0aReaders (Adult) 0aHigh interest-low vocabulary books